Propuestas para mejorar la labor de rehabilitación de Gendarmería de Chile

Salvato in:
Dettagli Bibliografici
Autori principali: Cartes Mena, Fernando (Autore), Gahona Salazar, Sergio (Autore), Hernández C., José Carlos (Autore), Montero Barrera, Alejandra (Autore), Lehuedé Bromñley, Francisco (Autore), Sklenar Bonitas, Juan (Autore), Valero Mandujano, Patricio (Autore)
Natura: Libro
Lingua:spagnolo
Pubblicazione: Santiago MIDEPLAN 1993
Serie:Programa de Adiestramiento en Preparación y Evaluación de proyectos
Soggetti:
Tags: Aggiungi Tag
Nessun Tag, puoi essere il primo ad aggiungerne!!

MARC

LEADER 00000nam a2200000 a 4500
001 UCH4702
003 CL-VaPUC
008 090903e19930000CL |||||||||||||||||spa|d
082 0 4 |a 365.34  |b CAR  |2 21 
100 0 |a Cartes Mena, Fernando  |e author  |9 540406 
700 0 |a Gahona Salazar, Sergio  |e author  |9 540407 
700 0 |a Hernández C., José Carlos  |e author  |9 540408 
700 0 |a Montero Barrera, Alejandra  |e author  |9 540409 
700 0 |a Lehuedé Bromñley, Francisco  |e author  |9 540410 
700 0 |a Sklenar Bonitas, Juan  |e author  |9 540411 
700 0 |a Valero Mandujano, Patricio  |e author  |9 540412 
245 1 0 |a Propuestas para mejorar la labor de rehabilitación de Gendarmería de Chile 
300 |a 247 p 
942 |c BK 
945 |d 20090903 00:00:00  |a rbrito 
260 |a Santiago  |b MIDEPLAN  |c 1993 
600 0 7 |a GENDARMERIA DE CHILE  |2 CL-VaPUC  |9 383802 
650 0 |a Cárceles   |9 372952 
650 0 |a Rehabilitación  |9 307382 
650 0 |a Prisiones  |9 255309 
650 7 |a RECLUSOS  |2 CL-VaPUC  |9 525091 
583 |a last modification  |c 20090903 00:00:00  |k Rodrigo Vera 
490 0 |a Programa de Adiestramiento en Preparación y Evaluación de proyectos 
999 |c 335973  |d 335971